Pays qui possèdaient Sarajevo a travers l'histoire - Statistiques

Statistiques générales
  • Ce quiz a été pris 72 fois
    25 depuis la dernière actualisation
  • Le résultat moyen est 11 sur 14
Statistiques - réponses
Période Pays % Correct
1154 - 1377 Banat de Bosnie
100%
1991 - Aujourd'hui Bosnie-Herzégovine
100%
1878 - 1908 Condominium de Bosnie-Herzégovine
100%
1377 - 1463 Royaume de Bosnie
100%
1929 - 1991 Yougoslavie
100%
1941 - 1945 État indépendant de Croatie
96%
1463 - 1878 Empire Ottoman
91%
1908 - 1918 Empire Austro-Hongrois
87%
1091 - 1154 Principauté de Serbie-Rascie
83%
395 - 1091 Empire Byzantin
70%
9 - 395 Empire Romain
70%
1918 - 1929 Royaume des Serbes, Croates et Slovènes
43%
494 - 553 Royaume Osthrogoth
22%
-395 - 9 Royaumes d'Illyrie
13%
Aucun quiz correspondant
Distribution des résultats
% des personnes avec chaque résultat
Percentile par nombre de réponses
Votre historique - résultats
Vous n’avez pas pris ce quiz depuis la dernière actualisation